| 000 | 00455nam a2200169Ia 4500 | ||
|---|---|---|---|
| 005 | 20250508154051.0 | ||
| 008 | 008 250505s9999 xx 000 0 eng d | ||
| 037 | _aBooks to be hide in OPAC | ||
| 040 |
_aFEDL _beng _cFEDL |
||
| 041 |
_aeng _2eng |
||
| 084 |
_a001.42, BAJ/O _qFEDL |
||
| 100 | _aBajpai | ||
| 245 | 0 | _aMethods of social survey and research | |
| 300 | _a480p. | ||
| 942 |
_cHB _h001.42, BAJ/O |
||
| 999 |
_c1347415 _d1347415 |
||